000 00557nam a2200193Ia 4500
005 20250326142948.0
008 250326s9999 xx 000 0 und d
020 _aO-314-06427-3
037 _aTextbook
040 _aFMSL
_beng
_cFMSL
041 _aeng
_2eng
084 _aX:8D N6
_qFMSL
100 _aPritchett S T
_9746994
245 0 _aRisk management and insurance
_cPritchett S T And Others
260 _aNew York
_bNew York, N Y, West Publishing Company
_c1996
300 _a783p
942 _cTB
_hX:8D N6
999 _c1297473
_d1297473